La Tierra y el hombre en las Américas: una geografía critica (Registro nro. 10379)
[ vista simple ]
| 000 -CABECERA | |
|---|---|
| campo de control de longitud fija | 00934nam a22003497a 4500 |
| 005 - FECHA Y HORA DE ACTUALIZACIÓN | |
| campo de control | 20180305113153.0 |
| 008 - LONGITUD FIJA | |
| campo de control de longitud fija | 180305b xxu||||| |||| 00| 0 spa d |
| 020 ## - INTERNATIONAL STANDARD BOOK NUMBER | |
| Número Internacional Estándar del Libro | 997640572 |
| 041 ## - IDIOMA | |
| Código de idioma del texto/pista de sonido o título separado | |
| 082 ## - CLASIFICACIÓN DECIMAL DEWEY | |
| Número de clasificación | 910.02 F634t2 |
| 100 ## - AUTOR PERSONAL | |
| Nombre de persona | Flores, Eusebio |
| 100 ## - AUTOR PERSONAL | |
| Nombre de persona | Magallón, Florencio |
| 100 ## - AUTOR PERSONAL | |
| Nombre de persona | Jimeno, Esther |
| 245 ## - TÍTULO PROPIAMENTE DICHO | |
| Título | La Tierra y el hombre en las Américas: una geografía critica |
| 250 ## - EDICIÓN | |
| Mención de edición | 2 edición |
| 260 ## - PIE DE IMPRENTA | |
| Lugar de publicación, distribución, etc. | Costa Rica |
| 260 ## - PIE DE IMPRENTA | |
| Nombre del editor, distribuidor, etc. | EUNED |
| 260 ## - PIE DE IMPRENTA | |
| Fecha de publicación, distribución, etc. | 1983 |
| 300 ## - DESCRIPCIÓN FÍSICA | |
| Extensión | 304 páginas |
| 650 ## - Materia General | |
| Materia general | GEOGRAFÍA |
| 650 ## - Materia General | |
| Materia general | AMÉRICA LATINA |
| 650 ## - Materia General | |
| Materia general | COSTA RICA |
| 650 ## - Materia General | |
| Materia general | AMÉRICA ANGLOSAJONA |
| 650 ## - Materia General | |
| Materia general | HISTORIA |
| 650 ## - Materia General | |
| Materia general | CANADÁ |
| 650 ## - Materia General | |
| Materia general | GROENLANDIA |
| 650 ## - Materia General | |
| Materia general | ESTADOS UNIDOS |
| 650 ## - Materia General | |
| Materia general | POBLACIONES |
| 650 ## - Materia General | |
| Materia general | ALASKA |
| 650 ## - Materia General | |
| Materia general | HAWAII |
| 942 ## - Punto de Acceso Adicional Koha | |
| Tipo de ítem Koha | Libro |
| Estado perdido | Estado dañado | No para préstamo | Biblioteca permanente | Biblioteca actual | Signatura completa | Código de barras | Precio efectivo a partir del | Tipo de ítem |
|---|---|---|---|---|---|---|---|---|
| Departamento de Biblioteca y Documentación Alfonso Chase Brenes | Departamento de Biblioteca y Documentación Alfonso Chase Brenes | 910.02 F634t2 | 2364 | 05/03/2018 | Libro |